000 006150000a22001810004500
003 MACL
005 20160513132419.0
008 160513b xxu||||| |||| 00| 0 eng d
040 _aMACL
_cMACL
041 _aHindi
082 _a891.431
100 _aशकुन, सत्‍य
_94843
245 _aरोशनी और अंधेरा
_cसत्‍य शकुन
260 _bसजल पब्लिशर्स एण्‍ड डिस्‍ट्रीब्‍यूटर्स
_c1999
_aदिल्‍ली
350 _a150
650 _aPoetry
_956723
942 _cHIN
_k891.431/SHA/P
_2ddc
999 _c17671
_d17671